Văn hóa dân gian vùng Vũng Rô - Đèo Cả - Đá Bia
Khái quát về vùng đất Hoa Anh và phủ Phú Yên, các địa danh trong vùng, đời sống cư dân, các ngành nghề truyền thống, phong tục, lễ hội, tín ngưỡng dân gian, văn học dân gian của vùng
保存先:
| 第一著者: | |
|---|---|
| フォーマット: | 図書 |
| 言語: | Undetermined |
| 出版事項: |
Hà Nội
Khoa học - Xã hội
2015
|
| 主題: | |
| タグ: |
タグ追加
タグなし, このレコードへの初めてのタグを付けませんか!
|
| Thư viện lưu trữ: | Trung tâm Học liệu Trường Đại học Cần Thơ |
|---|
| LEADER | 00918nam a2200205Ia 4500 | ||
|---|---|---|---|
| 001 | CTU_209737 | ||
| 008 | 210402s9999 xx 000 0 und d | ||
| 082 | |a 398.0959755 | ||
| 082 | |b Ch506 | ||
| 100 | |a Nguyễn, Đình Chúc | ||
| 245 | 0 | |a Văn hóa dân gian vùng Vũng Rô - Đèo Cả - Đá Bia | |
| 245 | 0 | |c Nguyễn Đình Chúc | |
| 260 | |a Hà Nội | ||
| 260 | |b Khoa học - Xã hội | ||
| 260 | |c 2015 | ||
| 520 | |a Khái quát về vùng đất Hoa Anh và phủ Phú Yên, các địa danh trong vùng, đời sống cư dân, các ngành nghề truyền thống, phong tục, lễ hội, tín ngưỡng dân gian, văn học dân gian của vùng | ||
| 650 | |a Văn hóa dân gian,Folklore | ||
| 650 | |z Việt Nam,Vietnam | ||
| 904 | |i Trần Thị Yến Nhi,Hải | ||
| 980 | |a Trung tâm Học liệu Trường Đại học Cần Thơ | ||